000 00358nam a2200157Ia 4500
005 20240807062504.0
008 240806s9999||||xx |||||||||||||| ||eng||
041 _aeng
082 _a891.286
_bASHB
100 _aSheel Nigam
245 0 _aBuddhcharitam /
_cSheel Nigam
260 _bPustak Sadan Kanpur
300 _a0
650 _aSanskrit
942 _cBK
999 _c20509
_d20509